Notes on the ecology and behavior of capybaras in northeastern Colombia (Registro nro. 10976)

Detalles MARC
000 -CABECERA
Campo de control 005790000a22001690004500
090 ## - CLASIFICACIÓN LOCAL
Colección AR
Consecutivo 01899
041 0# - IDIOMA
Código de idioma para texto/pista de sonido o título separado
100 1# - ASIENTO PRINCIPAL--NOMBRE PERSONAL
Nombre personal Jorgenson, Jeffrey P.
245 10 - MENCION DE TITULO
Título Notes on the ecology and behavior of capybaras in northeastern Colombia
650 14 - ASIENTO SECUNDARIO DE MATERIA - TERMINO TEMATICO
Término temático o nombre geográfico como elemento de entrada Dinámica poblacional
650 14 - ASIENTO SECUNDARIO DE MATERIA - TERMINO TEMATICO
Término temático o nombre geográfico como elemento de entrada Etología
650 14 - ASIENTO SECUNDARIO DE MATERIA - TERMINO TEMATICO
Término temático o nombre geográfico como elemento de entrada Patrones de actividad
651 #4 - ASIENTO SECUNDARIO DE MATERIA - NOMBRE GEOGRAFICO
-- Hato Venero
-- Arauca
-- Colombia
653 ## - TERMINO DE INDIZACION - NO CONTROLADO
-- Hydrochaeris
-- Hydrochaeris hydrochaeris
-- chiguiro
-- capibara
773 1# - Item fuente:
Título Vida Silvestre Neotropical
Especificación de materiales 438
Descripción física 1
Paginas del Articulo 31-40
Lugar, editorial y fecha de publicación 1986
Información sobre la relación 1
942 ## - ELEMENTOS ADICIONALES (KOHA)
Tipo de ítem Artículo
Existencias
Withdrawn status Lost status Damaged status No para préstamo Colección Ubicación Permanente Ubicación actual Fecha de adquisición Datos de publicación Seriada Total Checkouts Número topográfico Inventario / Código de Barras Date last seen Ejemplar Price effective from Forma de adquisición Tipo de material
      No para Préstamo Hemeroteca Bogotá Bogotá 27/02/2015 Fuera de circulación   AR 01899 012267 25/03/2015 1 25/03/2015   Artículo